00694nam a22002177a 450000500170000001000350001702000260005203500170007803500140009503500130010903500140012203700150013603700130015108200120016424501110017626000480028727000670033530000340040250000180043670000220045420230301115957.0 a1617EN ENG-116927 ENG-136126 a9781316633922c495.00 aB-649657-663 aEN-100459 aB-664900 aEN-119658 bUPPALaDPL bDBAD/PUB a320.954 aDemocratic Dynasties:bstate, party and family in contemporary India Politics /cedited by Kanchan Chandra c2016aNew DelhibCambridge University Press a4843/24, 2nd floor,Anasari Road, Darya GanjbNew Delhie110002 c23cm(pbk)axxii,279p. :bill. aincluds index aChandra, Kanchan